Consideraciones sobre los sindicatos capitalistas (Record no. 124211)

MARC details
000 -LEADER
campo de control de longitud fija 00708nam a2200193 4500
001 - NÚMERO DE CONTROL
campo de control 124211
003 - IDENTIFICADOR DE NÚMERO DE CONTROL
campo de control ES-MaACL
005 - FECHA Y HORA DE LA ÚLTIMA TRANSACCIÓN
campo de control 20230906192339.0
007 - CAMPO FIJO DE DESCRIPCIÓN FÍSICA--INFORMACIÓN GENERAL
campo de control de longitud fija t|
008 - DATOS DE LONGITUD FIJA--INFORMACIÓN GENERAL
campo de control de longitud fija 070214s1911 sp r ||||1| spa d
100 1# - ENTRADA PRINCIPAL--NOMBRE DE PERSONA
Nombre de persona Ras, Aurelio.
9 (RLIN) 95476
245 10 - MENCIÓN DEL TÍTULO
Título Consideraciones sobre los sindicatos capitalistas
Resto del título : discurso leído por Don Aurelio Ras en la inaguración del curso de 1911 a 1912 celebrada el día 26 de Octubre de 1911 /
Mención de responsabilidad, etc. Aurelio Ras.
260 ## - PUBLICACIÓN, DISTRIBUCIÓN, ETC.
Lugar de publicación, distribución, etc. Barcelona :
Nombre del editor, distribuidor, etc. Guinart y Pujolar,
Fecha de publicación, distribución, etc. 1911.
300 ## - DESCRIPCIÓN FÍSICA
Extensión 43 p. ;
Dimensiones 21 cm.
500 ## - NOTA GENERAL
Nota general Precede al Tit : Societat d'Estudis Economics.
710 2# - ENTRADA AGREGADA--NOMBRE DE ENTIDAD CORPORATIVA
Nombre de entidad corporativa o nombre de jurisdicción como elemento de entrada Societat d'Estudis Economics.
9 (RLIN) 207986
852 ## - LOCALIZACIÓN
Ubicación ES-MaACL
Número de control de estantería T-1257-F-2
Holdings
Estatus retirado Estado de pérdida Estado de daño No para préstamo Colección Biblioteca de origen Biblioteca actual Ubicación en estantería Fecha de adquisición Fuente de adquisición Total de préstamos Signatura topográfica completa Código de barras Visto por última vez Precio de reemplazo Tipo de ítem Koha
        Colección de folletos Biblioteca del Ateneo de Madrid Biblioteca del Ateneo de Madrid Depósito folletos 17/01/2008     T-1257-F-2 1129402 23/02/2023 23/02/2023 Folleto